[Event "Hoogeveen Open"]
[Site "Hoogeveen, Netherlands"]
[Date "2018.10.22"]
[Round "3.21"]
[White "De Boer, Bas"]
[Black "Hamblok, Roel"]
[Result "1-0"]
[WhiteElo "2102"]
[BlackElo "2275"]

1. d4 {[%clk 01:30:57]} {[%emt 00:00:02]} d5 {[%clk 01:18:08]} {[%emt
00:12:54]} 2. c4 {[%clk 01:31:20]} {[%emt 00:00:07]} e6 {[%clk 01:18:34]}
{[%emt 00:00:04]} 3. Nc3 {[%clk 01:31:19]} {[%emt 00:00:31]} Be7 {[%clk
01:18:58]} {[%emt 00:00:05]} 4. Nf3 {[%clk 01:31:06]} {[%emt 00:00:42]} Nf6
{[%clk 01:19:21]} {[%emt 00:00:07]} 5. Bf4 {[%clk 01:31:18]} {[%emt 00:00:18]}
O-O {[%clk 01:19:44]} {[%emt 00:00:08]} 6. e3 {[%clk 01:31:25]} {[%emt
00:00:23]} b6 {[%clk 01:20:08]} {[%emt 00:00:07]} 7. Rc1 {[%clk 01:26:17]}
{[%emt 00:05:37]} c5 {[%clk 01:19:30]} {[%emt 00:01:08]} 8. cxd5 {[%clk
01:26:07]} {[%emt 00:00:40]} Nxd5 {[%clk 01:19:52]} {[%emt 00:00:08]} 9. Bg3
{[%clk 01:23:56]} {[%emt 00:02:39]} Nxc3 {[%clk 01:11:13]} {[%emt 00:09:11]} 10.
bxc3 {[%clk 01:24:08]} {[%emt 00:00:18]} Bb7 {[%clk 01:11:09]} {[%emt
00:00:34]} 11. Bd3 {[%clk 01:21:09]} {[%emt 00:03:28]} Nd7 {[%clk 01:11:01]}
{[%emt 00:00:38]} 12. O-O {[%clk 01:20:47]} {[%emt 00:00:52]} Nf6 {[%clk
01:10:35]} {[%emt 00:00:56]} 13. Nd2 {[%clk 01:12:48]} {[%emt 00:08:27]} Rc8
{[%clk 01:03:44]} {[%emt 00:07:24]} 14. Qe2 {[%clk 01:10:50]} {[%emt 00:02:25]}
Qd7 {[%clk 01:02:06]} {[%emt 00:02:10]} 15. Be5 {[%clk 01:01:05]} {[%emt
00:10:15]} Rfd8 {[%clk 00:54:52]} {[%emt 00:07:44]} 16. f4 {[%clk 00:54:20]}
{[%emt 00:07:15]} cxd4 {[%clk 00:49:17]} {[%emt 00:06:06]} 17. cxd4 {[%clk
00:48:23]} {[%emt 00:06:27]} Rxc1 {[%clk 00:43:36]} {[%emt 00:06:12]} 18. Rxc1
{[%clk 00:46:45]} {[%emt 00:02:07]} Rc8 {[%clk 00:44:00]} {[%emt 00:00:05]} 19.
Rf1 {[%clk 00:38:30]} {[%emt 00:08:46]} g6 {[%clk 00:41:56]} {[%emt 00:02:34]}
20. e4 {[%clk 00:34:28]} {[%emt 00:04:32]} Qa4 {[%clk 00:35:26]} {[%emt
00:07:01]} 21. f5 {[%clk 00:30:32]} {[%emt 00:04:25]} Nd7 {[%clk 00:33:28]}
{[%emt 00:02:28]} 22. Bb5 {[%clk 00:27:59]} {[%emt 00:03:04]} Qxa2 {[%clk
00:32:15]} {[%emt 00:01:43]} 23. Bxd7 {[%clk 00:28:20]} {[%emt 00:00:08]} Rc2
{[%clk 00:32:08]} {[%emt 00:00:37]} 24. fxg6 {[%clk 00:26:50]} {[%emt
00:02:00]} hxg6 {[%clk 00:31:59]} {[%emt 00:00:38]} 25. Qf3 {[%clk 00:26:57]}
{[%emt 00:00:23]} f5 {[%clk 00:31:55]} {[%emt 00:00:35]} 26. Qh3 {[%clk
00:26:40]} {[%emt 00:00:47]} Rxd2 {[%clk 00:31:22]} {[%emt 00:01:04]} 27. Qh8+
{[%clk 00:27:01]} {[%emt 00:00:07]} Kf7 {[%clk 00:31:48]} {[%emt 00:00:05]} 28.
Qg7# {[%clk 00:26:50]} {[%emt 00:00:09]} 1-0

[Event "Hoogeveen Open"]
[Site "Hoogeveen, Netherlands"]
[Date "2018.10.22"]
[Round "3.22"]
[White "Schippers, Maurice"]
[Black "Dev, Shah"]
[Result "1-0"]
[WhiteElo "2272"]
[BlackElo "2146"]

1. d4 {[%clk 01:30:58]} {[%emt 00:00:02]} d5 {[%clk 01:30:01]} {[%emt
00:00:59]} 2. Nf3 {[%clk 01:31:22]} {[%emt 00:00:05]} Nf6 {[%clk 01:29:52]}
{[%emt 00:00:39]} 3. g3 {[%clk 01:31:35]} {[%emt 00:00:17]} c6 {[%clk
01:29:35]} {[%emt 00:00:48]} 4. Bg2 {[%clk 01:32:00]} {[%emt 00:00:05]} Bg4
{[%clk 01:26:30]} {[%emt 00:03:34]} 5. O-O {[%clk 01:31:29]} {[%emt 00:01:01]}
Nbd7 {[%clk 01:26:34]} {[%emt 00:00:26]} 6. h3 {[%clk 01:28:11]} {[%emt
00:03:48]} Bxf3 {[%clk 01:25:53]} {[%emt 00:01:10]} 7. exf3 {[%clk 01:28:01]}
{[%emt 00:00:41]} e6 {[%clk 01:26:07]} {[%emt 00:00:16]} 8. Re1 {[%clk
01:27:04]} {[%emt 00:01:27]} Bd6 {[%clk 01:24:17]} {[%emt 00:02:19]} 9. f4
{[%clk 01:25:54]} {[%emt 00:01:40]} O-O {[%clk 01:23:59]} {[%emt 00:00:46]} 10.
Nd2 {[%clk 01:24:50]} {[%emt 00:01:37]} c5 {[%clk 01:22:26]} {[%emt 00:02:03]}
11. Nf3 {[%clk 01:24:32]} {[%emt 00:00:47]} cxd4 {[%clk 01:18:21]} {[%emt
00:04:36]} 12. Nxd4 {[%clk 01:24:33]} {[%emt 00:00:29]} a6 {[%clk 01:07:50]}
{[%emt 00:11:01]} 13. c4 {[%clk 01:10:33]} {[%emt 00:14:29]} Nb6 {[%clk
01:05:09]} {[%emt 00:03:11]} 14. cxd5 {[%clk 01:06:44]} {[%emt 00:04:19]} Nbxd5
{[%clk 01:02:13]} {[%emt 00:03:26]} 15. Nb3 {[%clk 00:49:37]} {[%emt 00:17:38]}
Qb6 {[%clk 00:58:50]} {[%emt 00:03:53]} 16. Qf3 {[%clk 00:47:28]} {[%emt
00:02:38]} a5 {[%clk 00:42:05]} {[%emt 00:17:16]} 17. Be3 {[%clk 00:46:02]}
{[%emt 00:01:56]} Qb4 {[%clk 00:33:28]} {[%emt 00:09:06]} 18. Bd2 {[%clk
00:37:49]} {[%emt 00:08:44]} Qb6 {[%clk 00:33:22]} {[%emt 00:00:35]} 19. Be3
{[%clk 00:36:17]} {[%emt 00:02:03]} Qb4 {[%clk 00:33:36]} {[%emt 00:00:15]} 20.
Re2 {[%clk 00:25:53]} {[%emt 00:10:55]} a4 {[%clk 00:30:01]} {[%emt 00:04:04]}
21. Nd4 {[%clk 00:24:41]} {[%emt 00:01:42]} a3 {[%clk 00:24:18]} {[%emt
00:06:13]} 22. b3 {[%clk 00:17:31]} {[%emt 00:07:40]} e5 {[%clk 00:17:15]}
{[%emt 00:07:34]} 23. fxe5 {[%clk 00:14:30]} {[%emt 00:03:28]} Bxe5 {[%clk
00:16:23]} {[%emt 00:01:23]} 24. Nc2 {[%clk 00:13:14]} {[%emt 00:01:47]} Qa5
{[%clk 00:08:14]} {[%emt 00:08:39]} 25. Bd4 {[%clk 00:12:34]} {[%emt 00:01:10]}
Bxd4 {[%clk 00:08:04]} {[%emt 00:00:40]} 26. Nxd4 {[%clk 00:13:03]} Rad8 {[%clk
00:08:23]} {[%emt 00:00:11]} 27. Nf5 {[%clk 00:12:15]} {[%emt 00:01:18]} Rfe8
{[%clk 00:08:29]} {[%emt 00:00:24]} 28. Ne3 {[%clk 00:03:51]} {[%emt 00:08:54]}
Nc3 {[%clk 00:07:24]} {[%emt 00:01:37]} 29. Rc2 {[%clk 00:04:05]} {[%emt
00:00:15]} Nfe4 {[%clk 00:06:57]} {[%emt 00:00:57]} 30. Rac1 {[%clk 00:03:17]}
{[%emt 00:01:17]} b5 {[%clk 00:04:44]} {[%emt 00:02:44]} 31. Bf1 {[%clk
00:00:53]} {[%emt 00:02:53]} b4 {[%clk 00:03:39]} {[%emt 00:01:35]} 32. Bc4
{[%clk 00:01:13]} {[%emt 00:00:11]} Qa7 {[%clk 00:03:46]} {[%emt 00:00:23]} 33.
h4 {[%clk 00:00:42]} {[%emt 00:01:01]} Nd2 {[%clk 00:03:13]} {[%emt 00:01:03]}
34. Qf4 {[%clk 00:00:42]} {[%emt 00:00:29]} Rd4 {[%clk 00:01:34]} {[%emt
00:02:09]} 35. Qf5 {[%clk 00:01:11]} {[%emt 00:00:01]} g6 {[%clk 00:02:02]}
{[%emt 00:00:02]} 36. Qf6 {[%clk 00:01:16]} {[%emt 00:00:25]} Qb7 {[%clk
00:01:01]} {[%emt 00:01:31]} 37. Rxd2 {[%clk 00:01:31]} {[%emt 00:00:16]} Rxd2
{[%clk 00:01:27]} {[%emt 00:00:03]} 38. Nf5 {[%clk 00:00:40]} {[%emt 00:01:22]}
gxf5 {[%clk 00:00:56]} {[%emt 00:01:00]} 39. Qg5+ {[%clk 00:01:09]} {[%emt
00:00:01]} Kh8 {[%clk 00:00:56]} {[%emt 00:00:30]} 40. Qf6+ {[%clk 00:01:39]}
{[%emt 00:00:01]} Kg8 {[%clk 00:01:23]} {[%emt 00:00:03]} 41. Qg5+ {[%clk
00:02:01]} {[%emt 00:00:08]} Kh8 {[%clk 00:27:23]} {[%emt 00:04:29]} 42. Qxd2
{[%clk 00:30:43]} {[%emt 00:01:49]} Qf3 {[%clk 00:24:07]} {[%emt 00:03:45]} 43.
Qd7 {[%clk 00:21:40]} {[%emt 00:09:33]} Re2 {[%clk 00:17:35]} {[%emt 00:07:02]}
44. Rf1 {[%clk 00:18:38]} {[%emt 00:03:32]} Re4 {[%clk 00:10:35]} {[%emt
00:07:30]} 45. Qxf7 {[%clk 00:16:03]} {[%emt 00:03:05]} Ne2+ {[%clk 00:09:42]}
{[%emt 00:01:22]} 46. Bxe2 {[%clk 00:16:06]} {[%emt 00:00:28]} Qc3 {[%clk
00:09:37]} {[%emt 00:00:34]} 1-0

[Event "Hoogeveen Open"]
[Site "Hoogeveen, Netherlands"]
[Date "2018.10.22"]
[Round "3.23"]
[White "Elgersma, Simon"]
[Black "Hilwerda, Jonas"]
[Result "0-1"]
[WhiteElo "2237"]
[BlackElo "2109"]

1. e4 {[%clk 01:30:57]} {[%emt 00:00:02]} e5 {[%clk 01:30:45]} {[%emt
00:00:15]} 2. Nf3 {[%clk 01:31:18]} {[%emt 00:00:09]} Nc6 {[%clk 01:31:12]}
{[%emt 00:00:03]} 3. Bb5 {[%clk 01:31:39]} {[%emt 00:00:09]} a6 {[%clk
01:31:41]} {[%emt 00:00:02]} 4. Ba4 {[%clk 01:32:00]} {[%emt 00:00:08]} Nf6
{[%clk 01:32:08]} {[%emt 00:00:03]} 5. d3 {[%clk 01:32:15]} {[%emt 00:00:15]}
b5 {[%clk 01:32:11]} {[%emt 00:00:27]} 6. Bb3 {[%clk 01:32:38]} {[%emt
00:00:08]} Be7 {[%clk 01:32:25]} {[%emt 00:00:15]} 7. a4 {[%clk 01:28:05]}
{[%emt 00:05:04]} b4 {[%clk 01:26:20]} {[%emt 00:06:34]} 8. a5 {[%clk
01:27:48]} {[%emt 00:00:47]} O-O {[%clk 01:25:00]} {[%emt 00:01:50]} 9. O-O
{[%clk 01:26:07]} {[%emt 00:02:12]} d6 {[%clk 01:22:12]} {[%emt 00:03:18]} 10.
Nbd2 {[%clk 01:21:53]} {[%emt 00:04:43]} Be6 {[%clk 01:16:46]} {[%emt
00:05:52]} 11. Nc4 {[%clk 01:20:55]} {[%emt 00:01:32]} Nd4 {[%clk 01:11:01]}
{[%emt 00:06:15]} 12. Nxd4 {[%clk 01:17:19]} {[%emt 00:04:07]} exd4 {[%clk
01:11:08]} {[%emt 00:00:23]} 13. Bd2 {[%clk 01:12:32]} {[%emt 00:05:16]} d5
{[%clk 01:09:06]} {[%emt 00:02:32]} 14. exd5 {[%clk 01:11:38]} {[%emt
00:01:24]} Nxd5 {[%clk 00:55:30]} {[%emt 00:14:06]} 15. Re1 {[%clk 00:59:19]}
{[%emt 00:12:50]} Bg5 {[%clk 00:37:16]} {[%emt 00:18:43]} 16. Qf3 {[%clk
00:57:06]} {[%emt 00:02:40]} Re8 {[%clk 00:30:20]} {[%emt 00:07:30]} 17. Bxg5
{[%clk 00:49:04]} {[%emt 00:08:31]} Qxg5 {[%clk 00:30:32]} {[%emt 00:00:18]} 18.
Ba4 {[%clk 00:38:34]} {[%emt 00:11:00]} Bg4 {[%clk 00:15:19]} {[%emt 00:15:42]}
19. Qg3 {[%clk 00:37:47]} {[%emt 00:01:18]} Rxe1+ {[%clk 00:15:18]} {[%emt
00:00:32]} 20. Rxe1 {[%clk 00:38:09]} {[%emt 00:00:07]} h6 {[%clk 00:15:29]}
{[%emt 00:00:19]} 21. Bc6 {[%clk 00:27:28]} {[%emt 00:11:12]} Rd8 {[%clk
00:12:58]} {[%emt 00:03:01]} 22. Bxd5 {[%clk 00:07:36]} {[%emt 00:20:21]} Rxd5
{[%clk 00:13:27]} {[%emt 00:00:02]} 23. Qxc7 {[%clk 00:08:04]} {[%emt
00:00:01]} Be6 {[%clk 00:09:43]} {[%emt 00:04:14]} 24. Qg3 {[%clk 00:06:40]}
{[%emt 00:01:54]} Qd8 {[%clk 00:09:26]} {[%emt 00:00:47]} 25. Ne5 {[%clk
00:03:49]} {[%emt 00:03:21]} Qxa5 {[%clk 00:05:51]} {[%emt 00:04:06]} 26. Nc6
{[%clk 00:03:01]} {[%emt 00:01:16]} Qc5 {[%clk 00:05:58]} {[%emt 00:00:25]} 27.
Qb8+ {[%clk 00:03:24]} {[%emt 00:00:07]} Kh7 {[%clk 00:06:22]} {[%emt
00:00:06]} 28. Nxb4 {[%clk 00:02:09]} {[%emt 00:01:45]} Rd6 {[%clk 00:06:51]}
{[%emt 00:00:01]} 29. Ra1 {[%clk 00:00:42]} {[%emt 00:01:57]} a5 {[%clk
00:04:56]} {[%emt 00:02:25]} 30. Na2 {[%clk 00:00:56]} {[%emt 00:00:15]} Rb6
{[%clk 00:05:25]} {[%emt 00:00:01]} 31. Qa7 {[%clk 00:01:08]} {[%emt 00:00:18]}
Bxa2 {[%clk 00:05:44]} {[%emt 00:00:11]} 32. Rxa2 {[%clk 00:00:35]} {[%emt
00:01:03]} Re6 {[%clk 00:04:41]} {[%emt 00:01:34]} 0-1

[Event "Hoogeveen Open"]
[Site "Hoogeveen, Netherlands"]
[Date "2018.10.22"]
[Round "3.24"]
[White "Van Randtwijk, Mick"]
[Black "Kokje, Joris"]
[Result "1-0"]
[WhiteElo "1979"]
[BlackElo "2232"]

1. e4 {[%clk 01:30:56]} {[%emt 00:00:03]} c5 {[%clk 01:28:13]} {[%emt
00:02:36]} 2. Nf3 {[%clk 01:31:18]} {[%emt 00:00:19]} d6 {[%clk 01:28:35]}
{[%emt 00:00:08]} 3. d4 {[%clk 01:31:42]} {[%emt 00:00:07]} cxd4 {[%clk
01:28:56]} {[%emt 00:00:08]} 4. Nxd4 {[%clk 01:32:05]} {[%emt 00:00:07]} Nf6
{[%clk 01:29:20]} {[%emt 00:00:06]} 5. Nc3 {[%clk 01:32:29]} {[%emt 00:00:07]}
a6 {[%clk 01:29:43]} {[%emt 00:00:07]} 6. Be3 {[%clk 01:32:52]} {[%emt
00:00:07]} e5 {[%clk 01:30:03]} {[%emt 00:00:10]} 7. Nf3 {[%clk 01:33:14]}
{[%emt 00:00:08]} Qc7 {[%clk 01:29:44]} {[%emt 00:00:48]} 8. a4 {[%clk
01:33:35]} {[%emt 00:00:10]} Be6 {[%clk 01:29:54]} {[%emt 00:00:20]} 9. a5
{[%clk 01:33:55]} {[%emt 00:00:10]} Qc6 {[%clk 01:30:19]} {[%emt 00:00:04]} 10.
Ra4 {[%clk 01:26:28]} {[%emt 00:07:58]} Nbd7 {[%clk 01:28:01]} {[%emt
00:02:47]} 11. Be2 {[%clk 01:21:33]} {[%emt 00:05:25]} d5 {[%clk 01:22:23]}
{[%emt 00:06:08]} 12. exd5 {[%clk 01:21:50]} {[%emt 00:00:14]} Nxd5 {[%clk
01:22:32]} {[%emt 00:00:21]} 13. Nxd5 {[%clk 01:21:40]} {[%emt 00:00:39]} Bxd5
{[%clk 01:22:14]} {[%emt 00:00:48]} 14. c4 {[%clk 01:21:20]} {[%emt 00:00:51]}
Be6 {[%clk 01:20:44]} {[%emt 00:01:59]} 15. O-O {[%clk 01:19:26]} {[%emt
00:02:24]} Be7 {[%clk 01:18:41]} {[%emt 00:02:33]} 16. b4 {[%clk 01:16:00]}
{[%emt 00:03:57]} O-O {[%clk 01:14:04]} {[%emt 00:05:07]} 17. Qa1 {[%clk
01:13:17]} {[%emt 00:03:14]} f6 {[%clk 01:07:56]} {[%emt 00:06:37]} 18. Rc1
{[%clk 01:09:56]} {[%emt 00:03:51]} Rfd8 {[%clk 01:06:05]} {[%emt 00:02:20]} 19.
b5 {[%clk 01:00:33]} {[%emt 00:09:54]} Qc7 {[%clk 01:04:52]} {[%emt 00:01:43]}
20. c5 {[%clk 01:00:58]} {[%emt 00:00:05]} axb5 {[%clk 01:00:11]} {[%emt
00:05:11]} 21. Bxb5 {[%clk 01:01:18]} {[%emt 00:00:10]} Nxc5 {[%clk 00:57:10]}
{[%emt 00:03:30]} 22. Bc4 {[%clk 01:01:00]} {[%emt 00:00:48]} Bxc4 {[%clk
00:55:30]} {[%emt 00:02:11]} 23. Raxc4 {[%clk 00:58:01]} {[%emt 00:03:29]} Rxa5
{[%clk 00:54:49]} {[%emt 00:01:10]} 24. Qc3 {[%clk 00:57:29]} {[%emt 00:01:02]}
b6 {[%clk 00:54:01]} {[%emt 00:01:18]} 25. Nd2 {[%clk 00:56:01]} {[%emt
00:01:58]} Qd7 {[%clk 00:52:26]} {[%emt 00:02:06]} 26. Rb1 {[%clk 00:53:27]}
{[%emt 00:03:04]} Qd3 {[%clk 00:44:16]} {[%emt 00:08:39]} 27. Qc1 {[%clk
00:52:57]} {[%emt 00:01:01]} Ra2 {[%clk 00:41:25]} {[%emt 00:03:20]} 28. Rc3
{[%clk 00:48:42]} {[%emt 00:04:46]} Qe2 {[%clk 00:37:46]} {[%emt 00:04:09]} 29.
Nf1 {[%clk 00:45:24]} {[%emt 00:03:48]} Ne4 {[%clk 00:33:01]} {[%emt 00:05:15]}
30. Rc8 {[%clk 00:42:30]} {[%emt 00:03:24]} Nxf2 {[%clk 00:24:45]} {[%emt
00:08:46]} 31. Rxd8+ {[%clk 00:42:47]} {[%emt 00:00:13]} Bxd8 {[%clk 00:25:05]}
{[%emt 00:00:10]} 32. Qc6 {[%clk 00:43:04]} {[%emt 00:00:12]} h6 {[%clk
00:18:36]} {[%emt 00:06:59]} 33. Qd7 {[%clk 00:41:24]} {[%emt 00:02:10]} Ne4
{[%clk 00:14:24]} {[%emt 00:04:42]} 34. Qd5+ {[%clk 00:40:25]} {[%emt
00:01:29]} Kf8 {[%clk 00:13:16]} {[%emt 00:01:38]} 35. Qxd8+ {[%clk 00:40:35]}
{[%emt 00:00:21]} Kf7 {[%clk 00:13:16]} {[%emt 00:00:30]} 36. Qd5+ {[%clk
00:41:00]} {[%emt 00:00:04]} Kg6 {[%clk 00:13:26]} {[%emt 00:00:21]} 37. Qxe4+
{[%clk 00:41:22]} {[%emt 00:00:07]} f5 {[%clk 00:13:51]} {[%emt 00:00:05]} 38.
Rxb6+ {[%clk 00:41:41]} {[%emt 00:00:10]} 1-0

[Event "Hoogeveen Open"]
[Site "Hoogeveen, Netherlands"]
[Date "2018.10.22"]
[Round "3.25"]
[White "Boghossian, Wahe"]
[Black "Blagojevic, Tijana"]
[Result "0-1"]
[WhiteElo "1748"]
[BlackElo "2232"]

1. e4 {[%clk 01:30:57]} {[%emt 00:00:02]} c5 {[%clk 01:30:55]} {[%emt
00:00:05]} 2. Nf3 {[%clk 01:31:23]} {[%emt 00:00:05]} d6 {[%clk 01:31:21]}
{[%emt 00:00:04]} 3. d4 {[%clk 01:31:47]} {[%emt 00:00:06]} cxd4 {[%clk
01:31:48]} {[%emt 00:00:03]} 4. Nxd4 {[%clk 01:31:53]} {[%emt 00:00:23]} Nf6
{[%clk 01:32:13]} {[%emt 00:00:05]} 5. Nc3 {[%clk 01:31:50]} {[%emt 00:00:33]}
a6 {[%clk 01:32:34]} {[%emt 00:00:10]} 6. Be2 {[%clk 01:23:13]} {[%emt
00:09:06]} e5 {[%clk 01:32:41]} {[%emt 00:00:24]} 7. Nb3 {[%clk 01:21:13]}
{[%emt 00:02:30]} Be7 {[%clk 01:32:50]} {[%emt 00:00:21]} 8. Be3 {[%clk
01:15:26]} {[%emt 00:06:16]} Be6 {[%clk 01:33:00]} {[%emt 00:00:20]} 9. O-O
{[%clk 01:13:36]} {[%emt 00:02:21]} O-O {[%clk 01:33:23]} {[%emt 00:00:06]} 10.
Kh1 {[%clk 01:07:49]} {[%emt 00:06:17]} Nbd7 {[%clk 01:30:44]} {[%emt
00:03:10]} 11. f4 {[%clk 01:03:07]} {[%emt 00:05:11]} exf4 {[%clk 01:26:23]}
{[%emt 00:04:52]} 12. Bxf4 {[%clk 01:01:56]} {[%emt 00:01:40]} Ne5 {[%clk
01:26:20]} {[%emt 00:00:33]} 13. Nd4 {[%clk 00:55:10]} {[%emt 00:07:15]} Rc8
{[%clk 01:24:06]} {[%emt 00:02:46]} 14. Nxe6 {[%clk 00:35:42]} {[%emt
00:19:57]} fxe6 {[%clk 01:24:32]} {[%emt 00:00:05]} 15. Bxe5 {[%clk 00:35:12]}
{[%emt 00:00:59]} dxe5 {[%clk 01:24:52]} {[%emt 00:00:10]} 16. Qxd8 {[%clk
00:31:32]} {[%emt 00:04:11]} Rfxd8 {[%clk 01:25:21]} {[%emt 00:00:35]} 17. Rad1
{[%clk 00:28:24]} {[%emt 00:04:01]} Rxd1 {[%clk 01:19:09]} {[%emt 00:06:44]} 18.
Rxd1 {[%clk 00:25:13]} {[%emt 00:03:41]} Bb4 {[%clk 01:19:33]} {[%emt
00:00:06]} 19. Rd3 {[%clk 00:10:32]} {[%emt 00:15:11]} Bxc3 {[%clk 01:17:01]}
{[%emt 00:03:02]} 20. bxc3 {[%clk 00:10:15]} {[%emt 00:00:47]} Nxe4 {[%clk
01:16:35]} {[%emt 00:00:57]} 21. Re3 {[%clk 00:10:10]} {[%emt 00:00:34]} Nxc3
{[%clk 01:15:52]} {[%emt 00:01:13]} 22. Bg4 {[%clk 00:10:14]} {[%emt 00:00:26]}
Kf7 {[%clk 01:13:35]} {[%emt 00:02:47]} 23. Rxe5 {[%clk 00:10:05]} {[%emt
00:00:40]} Rc6 {[%clk 01:13:16]} {[%emt 00:00:48]} 24. a3 {[%clk 00:09:13]}
{[%emt 00:01:22]} Nb5 {[%clk 01:12:58]} {[%emt 00:00:48]} 25. a4 {[%clk
00:09:07]} {[%emt 00:00:37]} Nd4 {[%clk 01:12:49]} {[%emt 00:00:39]} 26. h3
{[%clk 00:08:20]} {[%emt 00:01:16]} Rxc2 {[%clk 01:11:34]} {[%emt 00:01:46]} 27.
Re4 {[%clk 00:07:47]} {[%emt 00:01:01]} Nf5 {[%clk 01:11:04]} {[%emt 00:01:01]}
28. Rb4 {[%clk 00:07:15]} {[%emt 00:01:02]} Rc7 {[%clk 01:11:14]} {[%emt
00:00:20]} 29. Rb6 {[%clk 00:06:20]} {[%emt 00:01:23]} Ke7 {[%clk 01:11:31]}
{[%emt 00:00:15]} 30. Kh2 {[%clk 00:04:07]} {[%emt 00:02:44]} Nd6 {[%clk
01:11:18]} {[%emt 00:00:42]} 31. Bf3 {[%clk 00:04:13]} {[%emt 00:00:24]} Rc4
{[%clk 01:06:24]} {[%emt 00:05:25]} 32. Bxb7 {[%clk 00:03:44]} {[%emt
00:00:59]} Nxb7 {[%clk 01:06:47]} {[%emt 00:00:07]} 33. Rxb7+ {[%clk 00:04:09]}
{[%emt 00:00:05]} Kf6 {[%clk 01:07:15]} {[%emt 00:00:02]} 34. a5 {[%clk
00:01:55]} {[%emt 00:02:44]} Ra4 {[%clk 01:07:30]} {[%emt 00:00:14]} 35. Kg3
{[%clk 00:02:06]} {[%emt 00:00:17]} Rxa5 {[%clk 01:07:58]} {[%emt 00:00:04]} 36.
Rb4 {[%clk 00:02:24]} {[%emt 00:00:12]} Ra3+ {[%clk 01:06:57]} {[%emt
00:01:31]} 37. Kg4 {[%clk 00:02:11]} {[%emt 00:00:43]} a5 {[%clk 01:07:20]}
{[%emt 00:00:07]} 38. Rf4+ {[%clk 00:02:02]} {[%emt 00:00:39]} Ke7 {[%clk
01:07:45]} {[%emt 00:00:05]} 39. Rc4 {[%clk 00:01:53]} {[%emt 00:00:38]} a4
{[%clk 01:08:09]} {[%emt 00:00:07]} 40. Rc7+ {[%clk 00:02:06]} {[%emt
00:00:17]} Kf6 {[%clk 01:08:33]} {[%emt 00:00:07]} 41. Ra7 {[%clk 00:00:50]}
{[%emt 00:01:45]} Ra1 {[%clk 01:08:53]} {[%emt 00:00:10]} 42. Ra6 {[%clk
00:29:42]} {[%emt 00:01:39]} a3 {[%clk 01:39:16]} {[%emt 00:00:07]} 43. h4
{[%clk 00:29:54]} {[%emt 00:00:17]} a2 {[%clk 01:38:03]} {[%emt 00:01:43]} 44.
g3 {[%clk 00:29:06]} {[%emt 00:01:19]} g6 {[%clk 01:38:24]} {[%emt 00:00:08]}
45. Ra5 {[%clk 00:28:45]} {[%emt 00:00:49]} h5+ {[%clk 01:38:43]} {[%emt
00:00:14]} 46. Kf4 {[%emt 00:00:22]} 0-1

[Event "Hoogeveen Open"]
[Site "Hoogeveen, Netherlands"]
[Date "2018.10.22"]
[Round "3.26"]
[White "Winkels, Marcel"]
[Black "Bertholee, Rob"]
[Result "0-1"]
[WhiteElo "1935"]
[BlackElo "2334"]

1. e4 {[%clk 01:30:57]} {[%emt 00:00:02]} e6 {[%clk 01:30:55]} {[%emt
00:00:06]} 2. d3 {[%clk 01:31:11]} {[%emt 00:00:16]} g6 {[%clk 01:26:52]}
{[%emt 00:04:33]} 3. Nf3 {[%clk 01:31:02]} {[%emt 00:00:39]} Bg7 {[%clk
01:27:16]} {[%emt 00:00:07]} 4. g3 {[%clk 01:31:21]} {[%emt 00:00:10]} c5
{[%clk 01:23:22]} {[%emt 00:04:23]} 5. Bg2 {[%clk 01:31:36]} {[%emt 00:00:15]}
Nc6 {[%clk 01:23:47]} {[%emt 00:00:05]} 6. O-O {[%clk 01:31:53]} {[%emt
00:00:13]} Nge7 {[%clk 01:24:02]} {[%emt 00:00:15]} 7. c3 {[%clk 01:32:15]}
{[%emt 00:00:09]} d5 {[%clk 01:23:40]} {[%emt 00:00:53]} 8. Nbd2 {[%clk
01:32:03]} {[%emt 00:00:41]} O-O {[%clk 01:16:06]} {[%emt 00:08:04]} 9. Re1
{[%clk 01:32:09]} {[%emt 00:00:24]} b6 {[%clk 01:15:08]} {[%emt 00:01:28]} 10.
a4 {[%clk 01:30:32]} {[%emt 00:02:08]} Ba6 {[%clk 01:14:35]} {[%emt 00:01:03]}
11. exd5 {[%clk 01:24:05]} {[%emt 00:06:57]} exd5 {[%clk 01:09:05]} {[%emt
00:05:59]} 12. Nb1 {[%clk 01:23:49]} {[%emt 00:00:45]} Qd7 {[%clk 01:01:51]}
{[%emt 00:07:44]} 13. Na3 {[%clk 01:24:07]} {[%emt 00:00:13]} Bb7 {[%clk
00:44:10]} {[%emt 00:18:10]} 14. Bf4 {[%clk 01:23:16]} {[%emt 00:01:22]} d4
{[%clk 00:42:18]} {[%emt 00:02:21]} 15. c4 {[%clk 01:23:08]} {[%emt 00:00:38]}
a6 {[%clk 00:36:17]} {[%emt 00:06:31]} 16. Qb3 {[%clk 01:21:55]} {[%emt
00:01:44]} Nb4 {[%clk 00:34:22]} {[%emt 00:02:25]} 17. Nc2 {[%clk 01:17:04]}
{[%emt 00:05:21]} Nec6 {[%clk 00:25:50]} {[%emt 00:09:02]} 18. Nxb4 {[%clk
01:16:13]} {[%emt 00:01:21]} Nxb4 {[%emt 00:00:09]} 19. a5 {[%clk 01:12:31]}
{[%emt 00:04:11]} Bc6 {[%clk 00:19:39]} {[%emt 00:07:03]} 20. Bd2 {[%clk
01:04:01]} {[%emt 00:09:01]} bxa5 {[%clk 00:16:44]} {[%emt 00:03:25]} 21. Rxa5
{[%emt 00:04:01]} Rfb8 {[%clk 00:16:55]} {[%emt 00:00:17]} 22. Bxb4 {[%clk
00:56:32]} {[%emt 00:04:29]} Rxb4 {[%clk 00:17:06]} {[%emt 00:00:19]} 23. Qa3
{[%clk 00:56:04]} {[%emt 00:00:58]} Qb7 {[%clk 00:16:02]} {[%emt 00:01:34]} 24.
Nh4 {[%clk 00:43:08]} {[%emt 00:13:25]} Bxg2 {[%clk 00:16:26]} {[%emt
00:00:07]} 25. Nxg2 {[%clk 00:43:36]} {[%emt 00:00:02]} Rxb2 {[%clk 00:16:30]}
{[%emt 00:00:26]} 26. Nf4 {[%clk 00:42:11]} {[%emt 00:01:55]} Bf8 {[%clk
00:06:59]} {[%emt 00:10:00]} 27. Qa1 {[%clk 00:39:00]} {[%emt 00:03:41]} Bh6
{[%clk 00:04:03]} {[%emt 00:03:26]} 28. Nd5 {[%clk 00:38:25]} {[%emt 00:01:04]}
Bd2 {[%clk 00:04:25]} {[%emt 00:00:09]} 29. Kg2 {[%clk 00:34:01]} {[%emt
00:04:54]} Bxa5 {[%clk 00:04:36]} {[%emt 00:00:19]} 30. Qxa5 {[%clk 00:33:57]}
{[%emt 00:00:35]} Qb3 {[%clk 00:02:36]} {[%emt 00:02:29]} 31. Qxc5 {[%clk
00:31:49]} {[%emt 00:02:37]} Qxd3 {[%clk 00:03:05]} {[%emt 00:00:02]} 32. Nf6+
{[%clk 00:28:31]} {[%emt 00:03:48]} Kh8 {[%clk 00:03:28]} {[%emt 00:00:07]} 33.
Qe5 {[%clk 00:26:16]} {[%emt 00:02:46]} Qf5 {[%clk 00:02:50]} {[%emt 00:01:07]}
34. Qxd4 {[%clk 00:26:09]} {[%emt 00:00:37]} Rd2 {[%clk 00:01:01]} {[%emt
00:02:20]} 35. Ne8+ {[%clk 00:25:37]} {[%emt 00:01:01]} Rxd4 {[%clk 00:01:26]}
{[%emt 00:00:05]} 0-1